| 000 | 00495nam a2200181Ia 4500 | ||
|---|---|---|---|
| 005 | 20250326123531.0 | ||
| 008 | 250326s9999 xx 000 0 und d | ||
| 037 | _aTextbook | ||
| 040 |
_aFMSL _beng _cFMSL |
||
| 041 |
_aeng _2eng |
||
| 084 |
_aBobX74 L5 _qFMSL |
||
| 100 |
_aBello I _9735414 |
||
| 245 | 0 |
_aContemporary business mathematics _cBello I |
|
| 260 |
_aLondon _bLondon, W B Saunders _c1975 |
||
| 300 | _a572p | ||
| 942 |
_cTB _hBobX74 L5 |
||
| 999 |
_c1269803 _d1269803 |
||